10 Biggest cities in Texas - Statistics

General Stats
  • This quiz has been taken 37 times
  • The average score is 8 of 10
Answer Stats
Population City % Correct
993,588 Austin
100%
1,326,087 Dallas
100%
2,390,125 Houston
100%
1,526,656 San Antonio
96%
1,008,106 Fort Worth
88%
681,723 El Paso
84%
317,317 Corpus Christi
68%
403,672 Arlington
56%
272,086 Lubbock
56%
293,286 Plano
44%
No matching quizzes found
Score Distribution
Percent of People with Each Score
Percentile by Number Answered
Your Score History
You have not taken this quiz